|
|
|
|
| LEADER |
00856cam a2200265 7i4500 |
| 001 |
0000036194 |
| 005 |
20191211090000.0 |
| 007 |
##ta |
| 008 |
191211s2018 xxu gr 0 eng |
| 020 |
# |
# |
|a 9781510735279
|
| 040 |
# |
# |
|a MATR
|
| 090 |
0 |
0 |
|a B 658.4
|b GOO
|
| 100 |
1 |
# |
|a Goossen, Richard J
|e author
|
| 245 |
1 |
0 |
|a service LEADERSHIP :
|b How Having a Calling Makes the Workplace More Effective
|c Richard J Goossen and Theodore Roosevelt Malloch.
|
| 264 |
# |
4 |
|a ♭2018.
|
| 264 |
# |
1 |
|a New York:
|b Skyhorse Publishing,
|c 2018.
|
| 300 |
# |
# |
|a xii, 222 pages;
|c 24 cm.
|
| 336 |
# |
# |
|a text
|2 rdacontent
|
| 337 |
# |
# |
|a unmediated
|2 rdamedia
|
| 338 |
# |
# |
|a volume
|2 rdacarrier
|
| 650 |
# |
0 |
|a Leadership
|
| 650 |
# |
0 |
|a Servant leadership
|
| 650 |
# |
0 |
|a Management
|
| 700 |
1 |
# |
|a Malloch, Theodore Roosevelt
|
| 999 |
|
|
|a B000040931
|b Book
|c Book
|e Business Information Centre
|